000 00449nam a2200145Ia 4500
008 240729s9999 xx 000 0 und d
022 _a2683-6416
245 0 _aWestern Indian Ocean Journal of Marine Science
260 _aTanzania, United Republic of
260 _bWestern Indian Ocean Marine Science Association
650 _aNaval Science
856 _uhttps://doaj.org/toc/142677cdc52048e0a57f53817f1ca4ca
942 _2ddc
942 _cDOAJEJ
999 _c68670
_d68670
945 _a1
_bMadushi Gamage
_c1
_dMadushi Gamage